The coaching manager : (Record no. 56860)

MARC details
000 -LEADER
fixed length control field 01020cam a2200277 a 4500
001 - CONTROL NUMBER
control field vtls003213204
003 - CONTROL NUMBER IDENTIFIER
control field MY-SjTCS
005 - DATE AND TIME OF LATEST TRANSACTION
control field 20200306165704.0
008 - FIXED-LENGTH DATA ELEMENTS--GENERAL INFORMATION
fixed length control field 110218s2011 caua b 001 0 eng
020 ## - INTERNATIONAL STANDARD BOOK NUMBER
International Standard Book Number 9781412977760 (pbk.)
020 ## - INTERNATIONAL STANDARD BOOK NUMBER
International Standard Book Number 1412977762 (pbk.)
039 #9 - LEVEL OF BIBLIOGRAPHIC CONTROL AND CODING DETAIL [OBSOLETE]
Level of rules in bibliographic description 201305161128
Level of effort used to assign nonsubject heading access points VLOAD
Level of effort used to assign subject headings 201302261052
Level of effort used to assign classification VLOAD
Level of effort used to assign subject headings 201102181811
Level of effort used to assign classification VLOAD
Level of effort used to assign subject headings 201102141604
Level of effort used to assign classification pushpa
-- 201011250911
-- haizir
082 04 - DEWEY DECIMAL CLASSIFICATION NUMBER
Classification number 658.3124
Item number HUN 2011
100 1# - MAIN ENTRY--PERSONAL NAME
Personal name Hunt, James M.
Fuller form of name (James Michael)
9 (RLIN) 48728
245 14 - TITLE STATEMENT
Title The coaching manager :
Remainder of title developing top talent in business /
Statement of responsibility, etc. James M. Hunt, Joseph R. Weintraub.
250 ## - EDITION STATEMENT
Edition statement 2nd ed.
260 ## - PUBLICATION, DISTRIBUTION, ETC.
Place of publication, distribution, etc. Thousand Oaks, Calif. :
Name of publisher, distributor, etc. SAGE,
Date of publication, distribution, etc. c2011.
300 ## - PHYSICAL DESCRIPTION
Extent xix, 304 p. :
Other physical details ill. ;
Dimensions 23 cm.
504 ## - BIBLIOGRAPHY, ETC. NOTE
Bibliography, etc. note Includes bibliographical references (p. 291-296) and index.
650 #0 - SUBJECT ADDED ENTRY--TOPICAL TERM
Topical term or geographic name entry element Mentoring in business.
9 (RLIN) 15728
650 #0 - SUBJECT ADDED ENTRY--TOPICAL TERM
Topical term or geographic name entry element Executives
General subdivision Training of.
9 (RLIN) 8622
650 #0 - SUBJECT ADDED ENTRY--TOPICAL TERM
Topical term or geographic name entry element Leadership.
9 (RLIN) 271420
650 #0 - SUBJECT ADDED ENTRY--TOPICAL TERM
Topical term or geographic name entry element Management.
9 (RLIN) 271421
700 1# - ADDED ENTRY--PERSONAL NAME
Personal name Weintraub, Joseph R.
9 (RLIN) 48729
920 ## - Programme
Programme SHT : 157454
Holdings
Withdrawn status Lost status Source of classification or shelving scheme Damaged status Not for loan Home library Current library Date acquired Cost, normal purchase price Total Checkouts Barcode Date last seen Date last checked out Copy number Uniform Resource Identifier Cost, replacement price Koha item type Public note
    Dewey Decimal Classification     Taylor's Library-TU Taylor's Library-TU 14/12/2010 160.48 4 5000104336 05/12/2019 28/04/2015 1 Floor 4, Shelf 25 , Side 1, TierNo 4, BayNo 3 160.48 Main Collection SHTEx,70004,03,GR